Normal view
MARC view
Entry Corporate Name
001 - CONTROL NUMBER
- control field: 31965
003 - CONTROL NUMBER IDENTIFIER
- control field: dpl
005 - DATE AND TIME OF LATEST TRANSACTION
- control field: 20110809093317.0
008 - FIXED-LENGTH DATA ELEMENTS
- fixed length control field: 110809|||a|||||| | ||| d
040 ## - CATALOGING SOURCE
- Original cataloging agency: dpl
- Transcribing agency: dpl
110 ## - HEADING--CORPORATE NAME
- Corporate name or jurisdiction name as entry element: जोशी, मधुबाला
670 ## - SOURCE DATA FOUND
- Source citation: Work cat.: (dpl)22016: सेठ,संजीव 31962, गंगा की लहरें /, 2006
670 ## - SOURCE DATA FOUND
- Source citation: Work cat.: (dpl)22016: सेठ,संजीव 31962, गंगा की लहरें /, 2006
